| 000 | 00563nam a2200157 a 4500 | ||
|---|---|---|---|
| 008 | 120416s1968 ||||||||||||||||| || u | ||
| 050 | _aDT 763 Pat | ||
| 100 | _aPaton, Alan | ||
| 245 | 1 | 4 |
_aThe long view _cedited by Edward Callan |
| 260 |
_aLondon _bPall Mall Press _c1968 |
||
| 300 | _axiii, 295p. | ||
| 350 | _a0.00 | ||
| 650 | 0 | _aSOUTH AFRICA--RACE RELATIONS | |
| 700 | _aCallan, Edward | ||
| 995 |
_D0.00 _FCBU-MAIN LIBRARY (Kitwe) _H1 _I0.00 _M1 _UAVAILABLE _WSep 8, 2006 _ZMain Library Open Access Collection |
||
| 999 |
_c49509 _d49509 |
||